A VILÁGVALLÁSOK ÉS A GASZTRONÓMIA KAPCSOLATA ÁZSIÁBAN

Bibliográfiai részletek
Szerző: Gallik Anna
További közreműködők: Nagy Mihály
Dokumentumtípus: Záródolgozat
Kulcsszavak:Iszlám vallás
Orosz ortodox vallás
Zsidó vallás
Buddhista vallás
Gasztronómia, vallási
Étkezési szokás, vallási
Online Access:http://dolgozattar.uni-bge.hu/59262

MARC

LEADER 00000nta a2200000 i 4500
001 dolg59262
005 20251105120241.0
008 251105suuuu hu o 000 hun d
040 |a BGE Dolgozattár Repozitórium  |b hun 
041 |a hu 
100 1 |a Gallik Anna 
245 1 2 |a A VILÁGVALLÁSOK ÉS A GASZTRONÓMIA KAPCSOLATA ÁZSIÁBAN  |c Gallik Anna  |h [elektronikus dokumentum] 
516 |a Final_paper 
695 |a Iszlám vallás 
695 |a Orosz ortodox vallás 
695 |a Zsidó vallás 
695 |a Buddhista vallás 
695 |a Gasztronómia, vallási 
695 |a Étkezési szokás, vallási 
700 1 |a Nagy Mihály  |e ths 
856 4 0 |u http://dolgozattar.uni-bge.hu/59262/1/Gallik-Anna.pdf  |z Dokumentum-elérés